| 000 | 00491nam a22001577a 4500 | ||
|---|---|---|---|
| 082 | _aBEE-4 ALI | ||
| 100 |
_aHassan Ali Khan _993576 |
||
| 245 | _aSmart oxygen pressure detector | ||
| 260 |
_aIslamabad _bNUST-SEECS _c2016 |
||
| 300 |
_a54p. _b27cm. _eCD ROM Include |
||
| 500 | _aSupervisors:Dr. Salman Abdul Ghafoor, Mr. Farooq Ahmad Tahir | ||
| 563 | _aHB | ||
| 700 |
_aMuhammad Mudassar Fayyaz _993577 |
||
| 856 | _uhttp://10.250.8.41:8080/xmlui/handle/123456789/9712 | ||
| 942 |
_cPR _2ddc |
||
| 999 |
_c13627 _d13627 |
||